000 01111nam0a22002651 4500
001 rc\4989331
005 20250613054314.0
021 _aRU
_b68-101187
021 _aRU
_bРг2923-69
035 _a(NLR Aleph) 008971517
090 _a9127813
_c9127813
100 _a20130430d1968 |||y0rusy50 ca
101 0 _arus
102 _aRU
105 _ay z |||||
200 1 _aРуководство КПСС - основа основ советского военного строительства
_eВозрастание руководящей роли партии в Вооруженных силах на современном этапе их развития
_fХарьк. высш воен. авиац. училище летчиков им. дважды Героя Советского Союза С.И. Грицевец
210 _aХарьков
_cБ. и.
_d1968
215 _a49 л.
_d28
300 _aОтпеч. множит. аппаратом
700 1 _aСамутин
_bИ.Ф.
801 0 _aRU
_bNLR
_gpsbo
801 1 _aRU
_bELAR
_2rusmarc
852 _aNLR
_j69-8/488
942 _cBOOK
980 _aNB